000 01643nam a2200373 c 4500
003 BLK
005 20180420230241.0
008 180409b bul|||||r ||||||| ||bul||
010 _aKNG00108903000
020 _a954-8341-07-7
_bиздат.: Ава
040 _aBLK
041 _aBUL
_cBUL
080 _aРелигиозна литература. Учебници по вероучение (религия)
_b244
_x
_z244
080 _aВероучение - учебни предмети
_b372.824.4
_x(075.2)
_z372.824.4(075.2)
080 _aВероучение - учебни предмети
_b372.824.4
_x(075.3)
_z372.824.4(075.3)
139 _aАз уча светото писание
_bА 36
245 1 0 _aАз уча светото писание
_bПодготв. курс по вероучение за осн. и средни у-ща, ил. с ориг. литогр. с одобр. на М-вото на образованието и Св. Синод
257 _aBGR
260 София
_bАва
_c1995
_fСофия : НСА
300 _a107 с.
_bс ил.
_c16 см
380 _aDN
500 _aКор. Библия за деца. - Офс. изд.
650 4 _aВероучение - учебници
_9280578
653 _aБиблия
653 _aвероучение
653 _aучебни помагала
653 _aучебници за основни училища
653 _aучебници за средни училища
852 _aЦб І 30983
856 4 _qpdf
_u
856 4 _qpdf
_u
942 _cKNG
_n0
944 _aCR
_c12.11.2003
_kЛюдмила_Стоянова
944 _aED
_c21.04.2004
_k
999 _c103823
_d103823